00322nam a22001097a 4500003000400000020001800004082001900022100003800041245007400079260005100153300000800204SGT a9789350481486 a891.4309bY21P aपोतदार, वसंत  aयोद्धा सन्यासी विवेकानंद  bप्रभात प्रकाशनc2021 a271